[Event "Bad Woerishofen op"]
[Site "Bad Woerishofen"]
[Date "1990.??.??"]
[Round "?"]
[White "Paehtz, Thomas Sr"]
[Black "Miles, Anthony J"]
[Result "0-1"]
[WhiteElo "2430"]
[BlackElo "2580"]

1.d4 d6 2.Nf3 Bg4 3.c4 Nd7 4.Nc3 e5 5.e3 f5 6.h3 Bh5 7.Be2 Be7 8.Qb3 e4 9.Nd2 Bxe2
10.Nxe2 Qc8 11.g4 g6 12.gxf5 gxf5 13.Nf4 c6 14.f3 Ngf6 15.fxe4 fxe4 16.Rg1 Nf8
17.Qc2 Ne6 18.Ne2 d5 19.Nb3 dxc4 20.Qxc4 Nd5 21.Bd2 Ng5 22.O-O-O Qxh3 23.Nf4 Qf5
24.Na5 O-O-O 25.Qb3 Rd7 26.Nc4 Nxf4 27.exf4 Nf3 28.Rg7 Nxd4 29.Qe3 Qd5 30.Ne5 Qxa2
31.Qxe4  0-1

[Event "Biel"]
[Site "Biel"]
[Date "1990.??.??"]
[Round "1"]
[White "Karpov, Anatoly"]
[Black "Miles, Anthony J"]
[Result "1-0"]
[WhiteElo "2730"]
[BlackElo "2595"]

1.e4 e5 2.Nf3 Nc6 3.Bb5 Nf6 4.O-O Nxe4 5.d4 Nd6 6.Bxc6 dxc6 7.dxe5 Nf5 8.Qxd8+ Kxd8
9.Nc3 Ke8 10.b3 h5 11.Rd1 Be7 12.Bg5 Nh6 13.h3 Bf5 14.Bxe7 Kxe7 15.Nd4 Rad8
16.Rd2 Bg6 17.Rad1 h4 18.b4 Nf5 19.Nce2 Nxd4 20.Nxd4 f6 21.exf6+ Kxf6 22.Nb3 Rxd2
23.Rxd2 b6 24.Rd7 Rc8 25.Rd4 Bxc2 26.Rxh4 Re8 27.Rf4+ Ke5 28.Rf7 Bxb3 29.axb3 Kd4
30.Rxg7 Kc3 31.Rxc7 Kxb4 32.Rxc6 Kxb3 33.f4 Rf8 34.g4 Rxf4 35.g5 b5 36.g6 Rf8
37.g7 Rg8 38.Rc7 a5 39.h4 a4 40.h5 a3 41.h6 a2 42.Ra7  1-0

[Event "Biel"]
[Site "Biel"]
[Date "1990.??.??"]
[Round "2"]
[White "De Firmian, Nick E"]
[Black "Miles, Anthony J"]
[Result "1/2-1/2"]
[WhiteElo "2560"]
[BlackElo "2595"]

1.e4 e5 2.Nf3 Nc6 3.Bb5 Nf6 4.O-O Nxe4 5.d4 Nd6 6.Bxc6 dxc6 7.dxe5 Nf5 8.Qxd8+ Kxd8
9.Nc3 Ke8 10.h3 Be6 11.g4 Ne7 12.Ng5 Bc4 13.Re1 Nd5 14.Nd1 h6 15.Ne4 Nb4
16.Ne3 Bd5 17.Ng3 Be6 18.a3 Nd5 19.Ng2 a6 20.f4 Bc5+ 21.Kh2 h5 22.Nxh5 Kf8
23.Kg3 g6 24.Nf6 Nxf6 25.exf6 Bd4 26.f5 gxf5 27.g5 Rg8 28.Kh2 Bd5 29.h4 Bxf6
30.c4 Bf3 31.Re3 Bxg2 32.Kxg2 Bd4 33.Rd3 c5 34.Be3 Bxe3 35.Rxe3 Rd8 36.Rf1 Rd4
37.Rxf5 Rxc4 38.h5 Rg4+ 39.Rg3 Rxg3+ 40.Kxg3 b6 41.g6 Rg7 42.Kf4 Kg8 43.Kg5 fxg6
44.hxg6 Rd7 45.Kh6 Rd2 46.Rf7 Rh2+ 47.Kg5 Rg2+  1/2-1/2

[Event "Biel"]
[Site "Biel"]
[Date "1990.??.??"]
[Round "3"]
[White "Miles, Anthony J"]
[Black "Hort, Vlastimil"]
[Result "0-1"]
[WhiteElo "2595"]
[BlackElo "2545"]

1.d4 Nf6 2.c4 e6 3.Nf3 Bb4+ 4.Bd2 c5 5.Bxb4 cxb4 6.g3 b6 7.Bg2 Bb7 8.O-O O-O
9.Qd3 d6 10.Nbd2 Qc7 11.Rad1 Nbd7 12.Ne1 Bxg2 13.Nxg2 Rac8 14.e4 e5 15.Ne3 Rfe8
16.f3 a5 17.Rf2 Nf8 18.Nd5 Nxd5 19.cxd5 Nd7 20.Nf1 exd4 21.Qxd4 Qc5 22.Ne3 g6
23.g4 Ne5 24.Kg2 Qxd4 25.Rxd4 b5 26.g5 Kg7 27.h4 h5 28.Rd1 Nc4 29.Nf1 Ne5
30.Re2 Rc5 31.Nh2 Rec8 32.f4 Rc2 33.Rdd2 Rxd2 34.Rxd2 Nc4 35.Re2 Nb6 36.Nf3 Rc4
37.b3 Rc5 38.Nd4 a4 39.Kf2 Kf8 40.Rc2 Nd7 41.Ke3 axb3 42.axb3 Rxc2 43.Nxc2 Nc5
44.Nd4 Ke7 45.Nxb5 Nxb3 46.Nd4 Na5 47.Kd3 Kd7 48.f5 Kd8 49.Kc2 Ke7 50.Nb3 Nb7
51.f6+ Kd7 52.Kd3 Nc5+ 53.Nxc5+ dxc5 54.Kc4 Kd6 55.e5+ Kxe5 56.Kxc5 b3 57.d6 Ke6
58.Kc6 b2 59.d7 b1=Q 60.d8=Q Qe4+ 61.Kc7 Qc4+ 62.Kb7 Qxh4 63.Qe7+  0-1

[Event "Biel"]
[Site "Biel"]
[Date "1990.??.??"]
[Round "7"]
[White "Miles, Anthony J"]
[Black "Wahls, Matthias"]
[Result "1-0"]
[WhiteElo "2595"]
[BlackElo "2525"]

1.d4 Nf6 2.Nf3 d6 3.c4 g6 4.Nc3 Bg7 5.e4 O-O 6.Be2 e5 7.O-O Nc6 8.Be3 Re8
9.dxe5 dxe5 10.c5 Ng4 11.Bg5 f6 12.Bd2 Nh6 13.Qb3+ Kh8 14.Rad1 Ng8 15.Be1 Qe7
16.Nd5 Qf7 17.Bc4 Rb8 18.Bc3 Be6 19.Ne1 Nd4 20.Bxd4 exd4 21.Rxd4 f5 22.exf5 Bxd4
23.fxe6 Qg7 24.Nf3 Bxc5 25.Ng5 Nh6 26.Qh3 Nf5 27.Nf6 Re7 28.Nd7 Rxd7 29.exd7 Nd6
30.Ne6 Qf6 31.Nxc5 Nxc4 32.Ne6 Nd2 33.Rd1  1-0

[Event "Biel"]
[Site "Biel"]
[Date "1990.??.??"]
[Round "9"]
[White "Miles, Anthony J"]
[Black "De Firmian, Nick E"]
[Result "1/2-1/2"]
[WhiteElo "2595"]
[BlackElo "2560"]

1.Nf3 c5 2.c4 Nc6 3.d4 cxd4 4.Nxd4 Nf6 5.Nc3 e6 6.Ndb5 d5 7.Bf4 e5 8.cxd5 exf4
9.dxc6 bxc6 10.Qxd8+ Kxd8 11.Nd4 Bd7 12.g3 Rb8 13.O-O-O Kc7 14.gxf4 Ng4 15.Ne4 Re8
16.f3 Ne3 17.Rd3 Nd5 18.f5 g6 19.f6 c5 20.Nc2 Bc6 21.e3 Bh6 22.Ra3 a5 23.Rg1 a4
24.Rg4 Re5 25.Bc4 Rf8 26.Rh4 Bg5 27.Nxg5 Rxg5 28.Rd3 Nxf6 29.Rf4 Rf5 30.Rxf5 gxf5
31.Ne1 Rg8 32.Bxf7 Rg1 33.Rd1 Rh1 34.Be6 Rxh2 35.Bxf5 Nd5 36.Nc2 h5 37.Be4 Nb4
38.Nxb4 cxb4 39.Bxc6 Kxc6 40.Rd2 Rh1+ 41.Kc2 h4 42.Kd3 Kc5 43.f4 h3 44.Ke4 Rg1
45.Kf3 Ra1 46.b3 axb3 47.axb3 Rb1  1/2-1/2

[Event "Biel"]
[Site "Biel"]
[Date "1990.??.??"]
[Round "10"]
[White "Hort, Vlastimil"]
[Black "Miles, Anthony J"]
[Result "1/2-1/2"]
[WhiteElo "2545"]
[BlackElo "2595"]

1.d4 Nf6 2.c4 e6 3.Nf3 b6 4.g3 Bb4+ 5.Bd2 Bxd2+ 6.Qxd2 Ba6 7.b3 c6 8.Qc2 c5
9.Nc3 Nc6 10.dxc5 bxc5 11.Bg2 Bb7 12.O-O d6 13.Rfd1 Qe7 14.a3 O-O 15.Qd2 Rad8
16.b4 cxb4 17.axb4 Nxb4 18.Rxa7  1/2-1/2

[Event "Biel"]
[Site "Biel"]
[Date "1990.??.??"]
[Round "11"]
[White "Miles, Anthony J"]
[Black "Lautier, Joel"]
[Result "1-0"]
[WhiteElo "2595"]
[BlackElo "2570"]

1.d4 Nf6 2.Nf3 e6 3.c4 b6 4.a3 Bb7 5.Nc3 d5 6.cxd5 Nxd5 7.Bd2 c5 8.e4 Nf6
9.Qa4+ Nbd7 10.d5 a6 11.dxe6 fxe6 12.Qb3 b5 13.Be3 Nxe4 14.Nxe4 Bxe4 15.Qxe6+ Qe7
16.Qh3 Nf6 17.O-O-O Bxf3 18.Qxf3 Qe4 19.Be2 Qxf3 20.Bxf3 Ra7 21.Rhe1 Kf7
22.Rd8 Rg8 23.Bf4 Be7 24.Rxg8 Nxg8 25.Bd5+ Kf8 26.Bc6 Kf7 27.Bb8 Bg5+ 28.f4 Re7
29.Rf1 Bf6 30.Bd5+ Kg6 31.Bxg8  1-0

[Event "USA Masters"]
[Site "Chicago"]
[Date "1990.??.??"]
[Round "1"]
[White "Miles, Anthony J"]
[Black "Booth, Stephen A"]
[Result "1-0"]
[WhiteElo "2580"]
[BlackElo "2300"]

1.d4 Nf6 2.Nf3 c5 3.d5 g6 4.c4 Bg7 5.Nc3 O-O 6.e4 d6 7.Bd3 e6 8.O-O exd5
9.cxd5 Re8 10.h3 c4 11.Bc2 b5 12.a3 Na6 13.Be3 Bd7 14.Re1 Qc7 15.Bd4 Nh5
16.Qd2 Nc5 17.g4 Nf6 18.Qf4 Qd8 19.Qxd6 Rc8 20.e5 Nb7 21.Qa6 Nxd5 22.Nxd5 Bc6
23.Rad1 Qxd5 24.Be4 Nc5 25.Bxd5 Nxa6 26.Bxa7 b4 27.Bxc6 Rxc6 28.Nd4 Rc7 29.Nb5 Rce7
30.f4 Bf8 31.Bf2 Rb8 32.a4 Nc7 33.Na7 Re6 34.Re4 c3 35.Rc4 Na6 36.Nc6 Ra8
37.bxc3 bxc3 38.Rc1 c2 39.R1xc2 h6 40.Bb6 Ree8 41.a5 Bg7 42.Kf2 f6 43.Re2 fxe5
44.Nxe5 g5 45.Nd3 gxf4 46.Rxe8+ Rxe8 47.Rxf4 Rc8 48.Nb4 Nxb4 49.Rxb4 Rc2+
50.Kf3  1-0

[Event "USA Masters"]
[Site "Chicago"]
[Date "1990.??.??"]
[Round "2"]
[White "Gallagher, Joseph G"]
[Black "Miles, Anthony J"]
[Result "0-1"]
[WhiteElo "2470"]
[BlackElo "2580"]

1.e4 Nc6 2.Nc3 e5 3.Bc4 Nf6 4.d3 Na5 5.f4 Nxc4 6.dxc4 Bb4 7.Nf3 Nxe4 8.fxe5 Nxc3
9.Qd2 Nxa2 10.c3 Nxc1 11.cxb4 Nb3  0-1

[Event "USA Masters"]
[Site "Chicago"]
[Date "1990.??.??"]
[Round "4"]
[White "Shirazi, Kamran G"]
[Black "Miles, Anthony J"]
[Result "0-1"]
[WhiteElo "2420"]
[BlackElo "2580"]

1.e4 Nc6 2.d4 e5 3.d5 Nce7 4.c4 Ng6 5.Be3 Bb4+ 6.Nd2 Nf6 7.f3 Qe7 8.Rc1 c6
9.Nh3 O-O 10.Be2 a5 11.a3 Bc5 12.Bxc5 Qxc5 13.Nb3 Qa7 14.d6 a4 15.Na1 Re8
16.c5 b6 17.O-O bxc5 18.Bc4 Qb6 19.Rf2 h6 20.Rd2 Ra5 21.Nf2 Ba6 22.Bxa6 Rxa6
23.Nc2 Nf4 24.Ne3 Ne6 25.Nc4 Qb5 26.Nd3 Nd4 27.Rc3 Nb3 28.Rf2 Nd5 29.exd5 cxd5
30.Ncxe5 c4 31.Nb4 Rxe5 32.Nxa6 Qxa6 33.g3 d4 34.Rxb3 cxb3 35.Qxd4 Re6 36.Qh4 Rxd6
37.Kg2 Qc6 38.Qd8+ Kh7 39.Qe7 Qd5 40.h4 Rc6 41.g4 Rc2 42.Qe3 g6 43.Kg3 d6
44.Re2 Rxe2 45.Qxe2 Qe5+ 46.Kf2 Qxe2+ 47.Kxe2 Kg7 48.Kd3 Kf6 49.f4 h5 50.gxh5 gxh5
51.Kc3 Ke6 52.Kc4 f6  0-1

[Event "USA Masters"]
[Site "Chicago"]
[Date "1990.??.??"]
[Round "5"]
[White "Miles, Anthony J"]
[Black "Kudrin, Sergey"]
[Result "1/2-1/2"]
[WhiteElo "2580"]
[BlackElo "2565"]

1.d4 Nf6 2.Nf3 g6 3.c4 Bg7 4.Bg5 d5 5.Nc3 Ne4 6.cxd5 Nxg5 7.Nxg5 e6 8.Qd2 exd5
9.Qe3+ Kf8 10.g3 Bf6 11.Nf3 Kg7 12.Bg2 Re8 13.Qf4 c6 14.O-O Nd7 15.Rad1 Nb6
16.h4 h6 17.Rfe1  1/2-1/2

[Event "Kusadasi op"]
[Site "Kusadasi"]
[Date "1990.??.??"]
[Round "3"]
[White "Miles, Anthony J"]
[Black "Ivkov, Borislav"]
[Result "1/2-1/2"]
[WhiteElo "2580"]
[BlackElo "2480"]

1.d4 g6 2.e4 Bg7 3.Be3 d6 4.Nc3 a6 5.h3 Nd7 6.Nf3 b5 7.Bd3 c5 8.a4 b4 9.Ne2 cxd4
10.Bxd4 Ngf6 11.O-O O-O 12.Qe1 e5 13.Be3 d5 14.Ng3 d4 15.Bg5 a5 16.Qd2 Re8
17.Rae1 Nc5 18.Bb5 Bd7 19.Nxd4 Bxb5 20.Nxb5 Nxa4 21.b3 Nc5 22.Qxd8 Rexd8
23.Nc7 Rab8 24.Nd5 Rd6 25.Bxf6 Bxf6 26.Ra1 Bd8 27.Rfd1 Rc8 28.f3 Kg7 29.Nf1 Nd7
30.Nfe3 Nb6 31.Rxa5 Nxd5 32.Raxd5 Rxd5 33.Nxd5 Rxc2 34.Rb1 f5 35.Nxb4 Rd2
36.Nd5 fxe4 37.fxe4 Re2 38.Ra1 Rxe4 39.Ra7+ Kh6 40.Rd7 Bh4 41.Kh2 Re2 42.b4 e4
43.b5 Rb2 44.b6 Rb3 45.g3 Rb2+ 46.Kg1 Bxg3 47.Nf6 Bf2+ 48.Kf1 Bxb6 49.Rxh7+ Kg5
50.Nxe4+ Kf4 51.Nc3 Kg3 52.Ne2+ Kh2  1/2-1/2

[Event "Kusadasi op"]
[Site "Kusadasi"]
[Date "1990.??.??"]
[Round "6"]
[White "Klinger, Josef"]
[Black "Miles, Anthony J"]
[Result "1/2-1/2"]
[WhiteElo "2475"]
[BlackElo "2580"]

1.e4 d6 2.d4 Nf6 3.Nc3 g6 4.g3 Bg7 5.Bg2 O-O 6.Nge2 e5 7.h3 Nc6 8.Be3 a6
9.a4 exd4 10.Nxd4 Bd7 11.O-O Re8 12.Re1 Nb4 13.Qd2 c5 14.Nb3 Bc6 15.Bf4 Nh5
16.Bg5 Bf6 17.Bh6 Qc7 18.Nd1 Bd7 19.g4 Ng7 20.c3 Nc6 21.Ne3 Be6 22.Nd5 Bxd5
23.exd5 Ne5 24.Re2 Qb6 25.Qf4 Nd7 26.Rxe8+ Rxe8 27.Nd2 Be5 28.Nc4 Bxf4 29.Nxb6 Bxh6
30.Nxd7 Bg5 31.Nb6  1/2-1/2

[Event "Kusadasi op"]
[Site "Kusadasi"]
[Date "1990.??.??"]
[Round "7"]
[White "Miles, Anthony J"]
[Black "Nijboer, Friso"]
[Result "1-0"]
[WhiteElo "2580"]
[BlackElo "2485"]

1.g3 g6 2.Bg2 Bg7 3.d4 Nf6 4.e4 d6 5.Ne2 O-O 6.Nbc3 e5 7.h3 c6 8.O-O b5 9.a3 Bb7
10.Be3 Nbd7 11.Qd2 a6 12.Rad1 Qc7 13.Bh6 Nb6 14.Bxg7 Kxg7 15.f4 Nc4 16.Qc1 exd4
17.Rxd4 c5 18.Rd3 b4 19.Nd5 Bxd5 20.exd5 Rae8 21.Bf3 bxa3 22.bxa3 Qb6 23.g4 Qb2
24.Ng3 Qxc1 25.Rxc1 Rb8 26.Kf2 Rb2 27.Rc3 Nb6 28.Rd3 Ra2 29.g5 Nfd7 30.Ne4 Nc4
31.Rc3 Ndb6 32.Rb1 Rd8 33.Be2 Nb2 34.Rb3 N6a4 35.h4 c4 36.Rh3 Nc5 37.Nxc5 dxc5
38.h5 Rxd5 39.h6+ Kf8 40.Re3 Rd8 41.Kg3 Re8 42.Rxe8+ Kxe8 43.Bf3 Kd7 44.Re1 Kd6
45.Re8 Rxa3 46.Rh8 Ke7 47.Rxh7 Nd1 48.f5 gxf5 49.g6 Nc3 50.Rxf7+ Ke6 51.h7  1-0

[Event "Ostend op"]
[Site "Ostend"]
[Date "1990.??.??"]
[Round "?"]
[White "Ruthenberg, Helmut"]
[Black "Miles, Anthony J"]
[Result "0-1"]
[WhiteElo "2285"]
[BlackElo "2580"]

1.e4 Nc6 2.d4 e5 3.d5 Nce7 4.c4 Ng6 5.Be3 Bb4+ 6.Nd2 Nf6 7.f3 Qe7 8.g3 O-O
9.Nh3 c6 10.Rc1 b5 11.a3 Bc5 12.Bxc5 Qxc5 13.cxb5 Qe3+ 14.Qe2 Qh6 15.dxc6 dxc6
16.Nf2 cxb5 17.Bg2 Rd8 18.Rc2 Be6 19.O-O Rac8 20.Rfc1 Ne7 21.Nf1 Qxc1 22.Rxc1 Rxc1
23.Qe3 Rc7 24.Nd3 Nc6 25.h4 Bc4 26.Nc5 Nd4 27.b4 Nd7 28.Nd3 Bxd3 29.Qxd3 Rc3
30.Qd2 Rxf3 31.Qa2 Rd3  0-1

[Event "Ostend op"]
[Site "Ostend"]
[Date "1990.??.??"]
[Round "?"]
[White "Miles, Anthony J"]
[Black "Dunnington, Angus J"]
[Result "0-1"]
[WhiteElo "2580"]
[BlackElo "2370"]

1.d4 Nf6 2.Nf3 d6 3.c4 Nbd7 4.Nc3 c6 5.e4 e5 6.Be2 Be7 7.O-O O-O 8.Re1 a6
9.h3 b5 10.a3 Bb7 11.Bf1 Re8 12.c5 exd4 13.cxd6 Bxd6 14.Nxd4 Bf8 15.Nf5 c5
16.f3 Qc7 17.Bg5 h6 18.Be3 Kh7 19.Qd2 Rad8 20.Rad1 Ne5 21.Qf2 g6 22.Qh4 Ng8
23.f4 Rxd1 24.Rxd1 Nd7 25.Ng3 b4 26.Nb1 Be7 27.Qg4 Ndf6 28.Qf3 h5 29.Nd2 h4
30.Nh1 Nh6 31.Bc4 Bd6 32.Qf2 Nxe4 33.Qxh4 Kg7 34.Nf1 Nf5 35.Qe1 Nxe3 36.Qxe3 Bxf4
37.Qb3 Be5 38.axb4 Bd4+ 39.Rxd4 cxd4 40.Qd3 Rd8 41.Nhg3 Nxg3 42.Nxg3 Qc6
43.Qf1 Qf6 44.Qd3 Re8 45.Qd2 Qe5 46.Nf1 Re7 47.Qf2 Qd6 48.Qd2 Rd7 49.Nh2 f5
50.Bd3 Be4 51.Nf1 Rb7 52.Bc4 Rxb4 53.b3 Rb8 54.Qg5 Qf6 55.Qf4 Rb7 56.h4 d3
57.Ng3 Rd7 58.h5 d2 59.Nxe4 d1=Q+  0-1

[Event "Rome op"]
[Site "Rome"]
[Date "1990.??.??"]
[Round "1"]
[White "Miles, Anthony J"]
[Black "Caposciutti, Maurizio"]
[Result "1-0"]
[WhiteElo "2580"]
[BlackElo "2295"]

1.g3 g6 2.Bg2 Bg7 3.c4 c5 4.Nc3 Nf6 5.Nf3 Nc6 6.d4 cxd4 7.Nxd4 O-O 8.O-O Ng4
9.e3 d6 10.h3 Nge5 11.b3 Nxd4 12.exd4 Nc6 13.Be3 e5 14.dxe5 dxe5 15.Bc5 Re8
16.Nb5 Bf8 17.Bxf8 Kxf8 18.Qxd8 Rxd8 19.Rad1 Kg7 20.Nc7 Rb8 21.Bxc6 Rxd1
22.Rxd1 bxc6 23.Rd8 Kf6 24.Re8 h5 25.Kg2 Kf5 26.Kf3 a6 27.Ke3 g5 28.f3 f6
29.Rg8 e4 30.fxe4+ Ke5 31.c5 f5 32.Re8+ Kf6 33.e5+ Kg7 34.e6  1-0

[Event "Rome op"]
[Site "Rome"]
[Date "1990.??.??"]
[Round "2"]
[White "Popov, Luben"]
[Black "Miles, Anthony J"]
[Result "0-1"]
[WhiteElo "2430"]
[BlackElo "2580"]

1.d4 d6 2.c4 e5 3.Nf3 e4 4.Ng5 f5 5.Nc3 c6 6.d5 Na6 7.Nh3 Nf6 8.e3 g6 9.Nf4 Bg7
10.h4 Ng4 11.Bd2 O-O 12.Be2 Qe7 13.Rb1 Nc5 14.b4 Nd3+ 15.Bxd3 exd3 16.Kf1 a5
17.b5 Ne5 18.Qb3 Bd7 19.dxc6 bxc6 20.bxc6 Bxc6 21.Ncd5 Qa7 22.Nb6 a4 23.Qb4 Rab8
24.Ne6 Nd7 25.Qa5 Rxb6 26.Rxb6 Qxb6 27.Nxf8 Qb1+ 28.Be1 Nxf8 29.a3 Qa2 30.Qb4 Be5
31.Bd2 Qa1+ 32.Be1 Qd1 33.Qd2 Qb3 34.Qb4 Qc2 35.Kg1 Qe2 36.Rh3 Bb2 37.h5 Bxa3
38.Qa5 Bb2 39.hxg6 hxg6 40.Bc3 Kf7 41.Qc7+ Bd7 42.Rh7+ Ke6 43.Qd8 Nxh7 44.Qg8+ Ke7
45.Qxh7+ Kd8 46.Ba5+ Kc8 47.Qg8+ Kb7 48.Qd8 Qd1+ 49.Kh2 Qh5+ 50.Kg1 Qd1+
51.Kh2 Qb3 52.Qxd7+ Ka6 53.Bd2 Qxc4 54.Qxd6+ Kb7 55.f4 Bc3 56.Qd7+ Kb6 57.Qd8+ Kb5
58.Qb8+ Ka5 59.Bc1 Qd5  0-1

[Event "Rome op"]
[Site "Rome"]
[Date "1990.??.??"]
[Round "4"]
[White "Janjgava, Lasha"]
[Black "Miles, Anthony J"]
[Result "1/2-1/2"]
[WhiteElo "2455"]
[BlackElo "2580"]

1.d4 d6 2.Nf3 Bg4 3.c4 Nd7 4.Qb3 Rb8 5.g3 c5 6.dxc5 Nxc5 7.Qa3 Nf6 8.Bg2 g6
9.Be3 Bg7 10.Nbd2 O-O 11.Rc1 a5 12.h3 Bd7 13.Bxc5 dxc5 14.Qxc5 Rc8 15.Qa3 Qb6
16.O-O Nh5 17.Qb3 Qxb3 18.Nxb3 Bxb2 19.Rc2 Bg7 20.Nxa5 Bf5 21.Rcc1 Bb2 22.Rcd1 b6
23.Nb3 Be6 24.Nbd2 Rfd8 25.Kh2 Nf6 26.Ne1 Bc3 27.Nd3 Bxd2 28.Rxd2 Bxc4 29.Rc1 Ne8
30.Rdc2  1/2-1/2

[Event "Rome op"]
[Site "Rome"]
[Date "1990.??.??"]
[Round "5"]
[White "Miles, Anthony J"]
[Black "Marinelli, Tullio"]
[Result "1-0"]
[WhiteElo "2580"]
[BlackElo "2400"]

1.g3 Nf6 2.Bg2 e6 3.Nf3 Be7 4.O-O O-O 5.c4 d5 6.b3 c6 7.d3 b5 8.Nbd2 Nbd7
9.Bb2 bxc4 10.bxc4 Rb8 11.Qc2 Nc5 12.Rab1 Ba6 13.Ne5 Qc8 14.Rfc1 Nfd7 15.Nxd7 Nxd7
16.cxd5 cxd5 17.Qa4 Rb4 18.Qd1 Qd8 19.Nb3 Bb7 20.Bc3 Rg4 21.e3 Rg6 22.Na5 Ba8
23.Nb7 Qb8 24.Nc5 Qd8 25.Nxd7 Qxd7 26.Qb3 Bc6 27.d4 f5 28.Bb4 Rb8 29.Qc3 Rxb4
30.Rxb4 Bxb4 31.Qxb4 Rf6 32.Qc5 Ba4 33.Qa5 Rf7 34.Bf1 Re7 35.Ba6 Bc6 36.Qc5 Ba4
37.Qb4 Re8 38.Rc5 h6 39.Kg2 Kh7 40.Qa5 Re7 41.h4 Bd1 42.Bb5 Qd6 43.Rc6 Qb8
44.a4 Qf8 45.Qb4 Qf7 46.Qd6 g5 47.Rc1 Bh5 48.hxg5 hxg5 49.Rh1 Kg6 50.Qe5 g4
51.Rc1 Qf8 52.Rc6 Kf7 53.e4 dxe4 54.Bc4 Qh6 55.Qxf5+ Kg7 56.Qxe4 Qg5 57.Rc5 Qg6
58.Qe5+  1-0

[Event "Rome op"]
[Site "Rome"]
[Date "1990.??.??"]
[Round "7"]
[White "Miles, Anthony J"]
[Black "Ubilava, Elizbar"]
[Result "1-0"]
[WhiteElo "2580"]
[BlackElo "2515"]

1.d4 d5 2.c4 e6 3.Nc3 Be7 4.Nf3 Nf6 5.Qc2 dxc4 6.e3 a6 7.a4 Nbd7 8.Bxc4 c5
9.dxc5 Bxc5 10.O-O b6 11.Ne4 Bb7 12.Nxc5 Nxc5 13.b4 Ncd7 14.Bb2 O-O 15.Rfd1 Qe7
16.Qd2 Rfc8 17.Rac1 Rc7 18.Be2 Rac8 19.Rxc7 Rxc7 20.Qd4 h6 21.h3 Qf8 22.Rc1 Rxc1+
23.Bxc1 Bc6 24.Bd1 Qa8 25.Bb2 b5 26.a5 Bd5 27.Ne5 Nxe5 28.Qxe5 Ne8 29.f3 f6
30.Qd4 e5 31.Qb6 Qc8 32.Kh2 Kf8 33.f4 exf4 34.exf4 Qc6 35.Bd4 Qxb6 36.axb6 Ke7
37.Bc5+ Nd6 38.Bg4 g6 39.Bc8 Kd8 40.Bxa6 Bb7 41.Bxb7 Nxb7 42.Bf8 h5 43.Kg3 Ke8
44.Bc5 Kf7 45.f5 gxf5 46.Kh4 Kg6 47.Be3 Nd6 48.Bf4 Nb7 49.Bc7 Kh6 50.Kg3 Kg6
51.Kf4  1-0

[Event "Beijing op"]
[Site "Beijing"]
[Date "1991.??.??"]
[Round "4"]
[White "Miles, Anthony J"]
[Black "Bykhovsky, Avigdor"]
[Result "1-0"]
[WhiteElo "2585"]
[BlackElo "2490"]

1.c4 e6 2.g3 d5 3.Bg2 Nf6 4.Nf3 Be7 5.b3 a5 6.Nc3 O-O 7.O-O Nbd7 8.Qc2 Nb6
9.d3 c5 10.Nb5 Bd7 11.a4 Bxb5 12.axb5 Qc7 13.e4 Nfd7 14.exd5 exd5 15.Bd2 Nc8
16.Rae1 d4 17.Re2 Bd6 18.Rfe1 Ndb6 19.Ng5 h6 20.Ne4 Be7 21.Bf4 Qd8 22.Qd1 a4
23.Ra2 axb3 24.Qxb3 Rxa2 25.Qxa2 g5 26.Bc1 f5 27.Nd2 Qc7 28.Nb3 Nd7 29.Re6 Bf6
30.Qe2 b6 31.h4 Kg7 32.Qh5 Rh8 33.Bd5 Ne5 34.Rxf6 Kxf6 35.hxg5+  1-0

[Event "Beijing op"]
[Site "Beijing"]
[Date "1991.??.??"]
[Round "6"]
[White "Vyzmanavin, Alexey"]
[Black "Miles, Anthony J"]
[Result "0-1"]
[WhiteElo "2605"]
[BlackElo "2585"]

1.d4 d6 2.Nf3 Bg4 3.c4 Nd7 4.e4 e5 5.Be2 Be7 6.Nc3 Bxf3 7.Bxf3 Bg5 8.O-O Bxc1
9.Rxc1 Ngf6 10.Qd2 O-O 11.Be2 Re8 12.d5 Nc5 13.Qe3 a5 14.b3 c6 15.Rb1 Qb6
16.a3 Rec8 17.Rfc1 Ncd7 18.Qxb6 Nxb6 19.f3 Kf8 20.Kf2 Nbd7 21.Ke3 Ke7 22.Kd2 Rh8
23.g3 Ne8 24.f4 Nef6 25.b4 axb4 26.axb4 Ra3 27.Bd3 h5 28.h4 Rc8 29.Rc2 Ng4
30.Be2 Ndf6 31.Bxg4 hxg4 32.fxe5 dxe5 33.c5 Rd8 34.d6+ Ke6 35.Kd3 Rda8 36.b5 Nd7
37.bxc6 bxc6 38.Ke2 R8a5 39.Nb5 Rxb5  0-1

[Event "Beijing op"]
[Site "Beijing"]
[Date "1991.??.??"]
[Round "8"]
[White "Asanov, Bolat"]
[Black "Miles, Anthony J"]
[Result "0-1"]
[WhiteElo "2325"]
[BlackElo "2585"]

1.Nf3 Nf6 2.g3 c6 3.Bg2 d5 4.O-O Bf5 5.d3 e6 6.Nc3 Nbd7 7.Nd2 Bc5 8.h3 Bg6
9.e4 dxe4 10.dxe4 e5 11.Nc4 O-O 12.Bg5 Qc7 13.Qe2 b5 14.Nd2 h6 15.Be3 Qb6
16.Rfe1 Rfd8 17.a3 Bxe3 18.Qxe3 Qxe3 19.Rxe3 Nb6 20.Rd3 a5 21.Nf3 b4 22.Rxd8+ Rxd8
23.axb4 axb4 24.Na2 c5 25.Nxe5 Bxe4 26.Bxe4 Nxe4 27.Re1 f5 28.Nd3 b3 29.Nac1 c4
30.Nf4 bxc2 31.f3 Rd1  0-1

[Event "Forli op"]
[Site "Forli"]
[Date "1991.??.??"]
[Round "1"]
[White "Miles, Anthony J"]
[Black "Winterstein, Wolfgang"]
[Result "1-0"]
[WhiteElo "2585"]
[BlackElo "2280"]

1.c4 Nf6 2.g3 g6 3.Bg2 Bg7 4.Nc3 O-O 5.d4 d6 6.e3 e5 7.Nge2 exd4 8.Nxd4 Nbd7
9.O-O Re8 10.b3 Nc5 11.Qc2 a5 12.Bb2 Bg4 13.h3 Bd7 14.Rad1 Qe7 15.e4 h5 16.Rfe1 h4
17.g4 Qf8 18.Nf3 Bc6 19.Nd4 Bd7 20.Ba3 b6 21.Ndb5 Bxb5 22.Nxb5 Rac8 23.Bc1 Nfd7
24.Nc3 Ne6 25.f4 Nd4 26.Qd2 c6 27.Bb2 g5 28.fxg5 Nc5 29.Qf2 Nce6 30.Na4 b5
31.Nb6 c5 32.Nd7 Qe7 33.Nf6+ Kh8 34.Qxh4+  1-0

[Event "Forli op"]
[Site "Forli"]
[Date "1991.??.??"]
[Round "2"]
[White "Boe, Mads"]
[Black "Miles, Anthony J"]
[Result "0-1"]
[WhiteElo "2355"]
[BlackElo "2585"]

1.e4 b6 2.d4 Bb7 3.Nc3 e6 4.Be3 Nf6 5.e5 Nd5 6.Nxd5 Bxd5 7.Qd2 d6 8.Nf3 Nd7
9.Bf4 Be7 10.Be2 O-O 11.O-O Qc8 12.c4 Be4 13.Qe3 Qb7 14.g3 Rad8 15.exd6 cxd6
16.Nd2 Bg6 17.Bf3 Qc7 18.Qc3 e5 19.Be3 f5 20.Bd5+ Kh8 21.f4 Nf6 22.Bf3 e4
23.Be2 d5 24.Rac1 Qd7 25.b3 Bh5 26.Bxh5 Nxh5 27.Rf2 Nf6 28.Nf1 dxc4 29.bxc4 b5
30.cxb5 Qxb5 31.Rb2 Qe8 32.Qa5 Nd5 33.Rb5 Qd7 34.Bf2 a6 35.Rb3 Qe6 36.Qa4 Rc8
37.Rxc8 Rxc8 38.Ne3 h5 39.Qa5 Nxe3 40.Bxe3 Qg6 41.Rc3 Rb8 42.Rb3 Rxb3 43.axb3 h4
44.Qc7 Bf6 45.Qc8+ Kh7 46.Qxa6 hxg3 47.Qe2 gxh2+ 48.Kxh2 Be7 49.d5 Bd6 50.Kh1 Kg8
51.Qa6 Qh5+ 52.Kg1 Qg4+ 53.Kf1 Qd1+ 54.Kg2 Qf3+ 55.Kh2 Bxf4+ 56.Bxf4 Qxf4+
57.Kg2 Qd2+ 58.Kg3 Qxd5 59.Kf4 Kh7 60.Kg5 Qe5  0-1

[Event "Forli op"]
[Site "Forli"]
[Date "1991.??.??"]
[Round "3"]
[White "Miles, Anthony J"]
[Black "Godena, Michele"]
[Result "1-0"]
[WhiteElo "2585"]
[BlackElo "2405"]

1.d4 Nf6 2.Nf3 g6 3.c4 Bg7 4.Nc3 O-O 5.e4 d6 6.Be2 e5 7.O-O Nc6 8.Be3 Ng4
9.Bg5 f6 10.Bc1 Kh8 11.d5 Ne7 12.Ng5 fxg5 13.Bxg4 h6 14.Be3 c5 15.dxc6 Nxc6
16.Bxc8 Rxc8 17.Nb5 Nd4 18.Qd3 Qb6 19.Rfd1 Qa6 20.a4 Rfd8 21.b3 Nc6 22.Qc3 b6
23.Rd2 Rd7 24.Bxg5  1-0

[Event "Forli op"]
[Site "Forli"]
[Date "1991.??.??"]
[Round "7"]
[White "Miles, Anthony J"]
[Black "Malaniuk, Vladimir P"]
[Result "1/2-1/2"]
[WhiteElo "2585"]
[BlackElo "2500"]

1.d4 f5 2.Nf3 Nf6 3.Bg5 e6 4.Nbd2 Be7 5.Bxf6 Bxf6 6.e4 d6 7.e5 Be7 8.exd6 cxd6
9.Bc4 Na6 10.O-O Nc7 11.Re1 Kf8 12.Nb3  1/2-1/2

[Event "Forli op"]
[Site "Forli"]
[Date "1991.??.??"]
[Round "8"]
[White "Pedersen, Steffen"]
[Black "Miles, Anthony J"]
[Result "1-0"]
[WhiteElo "2280"]
[BlackElo "2585"]

1.d4 d6 2.e4 Nf6 3.Nc3 g6 4.Nf3 Bg7 5.h3 O-O 6.Be3 a6 7.a4 b6 8.Be2 Bb7 9.Nd2 Nc6
10.O-O e5 11.d5 Nd4 12.Bc4 c6 13.dxc6 Bxc6 14.Re1 b5 15.Bf1 b4 16.Na2 a5
17.c3 bxc3 18.Nxc3 d5 19.Bg5 h6 20.exd5 Bxd5 21.Bh4 Re8 22.Rc1 Rb8 23.Bb5 Nxb5
24.axb5 Ba8 25.Nc4 Qd4 26.Bxf6 Qxc4 27.Bxg7 Kxg7 28.Ra1 Qc7 29.Qa4 Rbd8 30.Re2 Qb7
31.f3 Rd3 32.Qxa5 Qe7 33.b6 Qg5 34.Qb5 Qd8 35.b7 Bxb7 36.Qxb7 Re7 37.Qb5 Re8
38.Kh1 Qd6 39.Rae1  1-0

[Event "Forli op"]
[Site "Forli"]
[Date "1991.??.??"]
[Round "9"]
[White "Miles, Anthony J"]
[Black "Dutreeuw, Marc"]
[Result "1-0"]
[WhiteElo "2585"]
[BlackElo "2405"]

1.d4 d5 2.Nf3 Nf6 3.c4 e6 4.Nc3 Be7 5.Qc2 dxc4 6.e3 a6 7.a4 c5 8.dxc5 Bxc5
9.Bxc4 Nc6 10.O-O O-O 11.Rd1 Qe7 12.Ne4 Nb4 13.Nxf6+ Qxf6 14.Qe4 Qf5 15.Qxf5 exf5
16.Bd2 b6 17.Ne5 Be6 18.Bxe6 fxe6 19.Nd7 Rfd8 20.Nxb6 Rab8 21.Nc4 Nd5 22.Kf1 Rdc8
23.Rac1 Be7 24.Ne5 Bf6 25.Nd3 e5 26.Rxc8+ Rxc8 27.Rc1 Rd8 28.Nc5 e4 29.Nxa6 Bxb2
30.Rb1 Bc3 31.Be1 Kf7 32.Nc5 Ra8 33.Rd1 Rd8 34.Bxc3 Nxe3+ 35.fxe3 Rxd1+ 36.Kf2 Rc1
37.Bd4 Rc2+ 38.Kg3 Ra2 39.h4 g6 40.Be5 Ke7 41.Bc7 Rc2 42.Bb6 Kd6 43.a5 h6
44.Nb3 Ra2 45.Nd4 Ke5 46.Bc7+ Kf6 47.Nc6 Rc2 48.Bd8+ Kf7 49.Nd4 Ra2 50.h5 Rb2
51.hxg6+ Kxg6 52.Ne6 Kf7 53.Nf4 Rb1 54.Bb6 Ra1 55.Nd5 Ke6 56.Nc7+ Kd7 57.a6  1-0

[Event "USA-op Los Angeles"]
[Site "Los Angeles"]
[Date "1991.??.??"]
[Round "?"]
[White "Lputian, Smbat G"]
[Black "Miles, Anthony J"]
[Result "1/2-1/2"]
[WhiteElo "2570"]
[BlackElo "2555"]

1.d4 e6 2.e4 b6 3.Nf3 Bb7 4.Bd3 c5 5.c3 Nf6 6.Nbd2 Be7 7.O-O cxd4 8.cxd4 Ba6
9.Bxa6 Nxa6 10.Qe2 Nc7 11.d5 d6 12.dxe6 Nxe6 13.Nb3 O-O 14.Rd1 Qc8 15.Nfd4 Nxd4
16.Nxd4 Re8 17.Bg5 Qc5 18.Nf5 Qe5 19.Bxf6 Bxf6 20.Nxd6 Re6 21.Nb5 Qxe4 22.Qxe4 Rxe4
23.Rab1 Ra4 24.a3 Rc4 25.b3 Rc2 26.a4 g6 27.Rdc1 Ra2 28.Nc3 Bxc3 29.Rxc3 Rd8
30.g3 Rdd2 31.Rf3  1/2-1/2